| 000 | 00901nam a2200265Ia 4500 | ||
|---|---|---|---|
| 003 | OSt | ||
| 005 | 20221005110652.0 | ||
| 006 | a|||||r|||| 00| 0 | ||
| 007 | ta | ||
| 008 | 221004b |||||||| |||| 00| 0 hin d | ||
| 020 |
_a9788126716715 (hbk) _c550 |
||
| 024 | _a23265 | ||
| 037 |
_b205, 09/11/2015, Eastern Book Linkers _cTextual |
||
| 040 |
_aCRL _cCRL _bhin |
||
| 041 |
_2hin _ahin |
||
| 082 | _aO152,1:g, P9 | ||
| 100 | _aविश्वास, विनय | ||
| 245 | 0 | _aआज की कविता | |
| 246 | _aĀj kī kavitā | ||
| 260 |
_aनई दिल्ली _bराजकमल प्रकाशन भारत _c2009 |
||
| 300 |
_a471पृ0 _ccm. |
||
| 650 | _aहिन्दी साहित्य | ||
| 942 |
_hO152,1:g, P9 _cTEXL _2cc |
||
| 999 |
_c1019532 _d1019532 |
||